| 000 | 00626nam a22002292 4500 | ||
|---|---|---|---|
| 001 | 0000019738 | ||
| 003 | OSt | ||
| 005 | 20211103082823.0 | ||
| 008 | 110125s xx 000 0 eng d | ||
| 020 | _a0702033940 | ||
| 040 |
_aKABU _cKABU |
||
| 245 | 1 | 0 |
_aLast's anatomy : _bregional and applied. |
| 250 | _a12th ed. / | ||
| 260 |
_aLondon : _bChurchill Livingstone, _c2011 |
||
| 300 | _ax, 548p. | ||
| 650 | 0 | _aAnatomy, Durgical and topographical. | |
| 650 | 0 | _aAnatomy, Regional. | |
| 700 | 1 | _aSinnatamby, Chummy S. | |
| 908 | _a110125 | ||
| 942 |
_2lcc _cBK |
||
| 999 |
_c19083 _d19082 |
||